000
00322nam a22001457a 4500
003
SGT
082
_a
615.4
_b
A16B
100
_a
BANERJEE, D.D.
245
_a
AUGMENTED TEXT BOOK OF HOMEOPATHIC PHARMACY
250
_a
2ND
260
_a
INDIA
_b
B.JAIN PUB
_c
2016
300
_a
671
650
_a
HOMEOPATHIC
942
_2
ddc
_c
BK
999
_c
20337
_d
20337